000 005840000a22002050004500
003 LK-CoMWRAF
005 20231030153008.0
008 230817t1974 ||||| |||| 00| 0 eng d
020 _a0195603753
040 _aLK-CoMWRAF
_dLK-CoMWRAF
_eLK-CoMWRAF
041 _aeng
082 _a348.97
_bFYZ
100 _aFyzee, Asaf A.A.
245 _aOutlines of Muhammadan law
250 _a4th ed.
260 _aDelhi:
_bOxford University Press,
_c1974
300 _axix, 520 p., [2] fold. leaves of plates ; 23 cm.
_bBibliography and index included
650 _aISLAMIC LAW
942 _cBK
999 _c1558
_d1558